[Event "FRA-chT2 South 0708"]
[Site "France"]
[Date "2008.02.10"]
[Round "7.5"]
[White "Le Quinio, Alexis"]
[Black "Flear, Christine"]
[Result "1/2-1/2"]
[WhiteElo "2109"]
[BlackElo "2161"]
[PlyCount "21"]
[EventDate "2007.10.21"]
[EventType "team"]
[EventRounds "11"]
[EventCountry "FRA"]
[SourceTitle "EXT 2009"]
[Source "ChessBase"]
[SourceDate "2008.11.26"]
[SourceVersion "1"]
[SourceVersionDate "2008.11.26"]
[SourceQuality "1"]
[WhiteTeam "L'Isle sur la Sorgue"]
[BlackTeam "Montpellier II"]
[WhiteTeamCountry "FRA"]
[BlackTeamCountry "FRA"]

1. c4 f5 2. Nc3 Nf6 3. g3 g6 4. Bg2 Bg7 5. d4 0-0 6. Bg5 Nc6 7. Nf3 d6 8. d5 Ne5 9. Nxe5 dxe5 10. e4 h6 11. Be3 1/2-1/2

[Event "Provence-ch 9899"]
[Site "France"]
[Date "1999.??.??"]
[Round "5"]
[White "Le Quinio, Alexis"]
[Black "Gozzoli, Yannick"]
[Result "1/2-1/2"]
[WhiteElo "2160"]
[BlackElo "2220"]
[PlyCount "82"]
[EventDate "1998.??.??"]
[EventType "swiss"]
[EventRounds "7"]
[EventCountry "FRA"]
[SourceTitle "EXT 2005"]
[Source "ChessBase"]
[SourceDate "2004.11.15"]
[SourceVersion "1"]
[SourceVersionDate "2004.11.15"]
[SourceQuality "1"]

1. c4 c6 2. Nc3 d5 3. cxd5 cxd5 4. d4 Nf6 5. Bf4 Nc6 6. Nf3 e6 7. e3 Nh5 8. Bg3 Nxg3 9. hxg3 a6 10. a3 Bd7 11. Bd3 g6 12. Rc1 Rc8 13. Nd2 Bd6 14. f4 Kf8 15. Kf2 Kg7 16. g4 b5 17. b4 Qb6 18. Nb3 Qb8 19. Qf3 a5 20. Nc5 Bxc5 21. bxc5 b4 22. Nb5 bxa3 23. Nd6 Nb4 24. Be2 Rc6 25. f5 exf5 26. Qf4 Rxd6 27. cxd6 Qe8 28. gxf5 Bxf5 29. g4 Bd7 30. Rc7 h6 31. Rhc1 a2 32. Ra1 g5 33. Qg3 Qe6 34. Ra7 Rc8 35. Qe5+ Qxe5 36. dxe5 Be6 37. Rxa5 Nc6 38. R5xa2 Nxe5 39. Kg3 Rd8 40. Ra6 f6 41. Rf1 Bd7 1/2-1/2

[Event "Provence-ch 9899"]
[Site "France"]
[Date "1999.??.??"]
[Round "4"]
[White "Maruejols, Claude"]
[Black "Le Quinio, Alexis"]
[Result "0-1"]
[WhiteElo "2015"]
[BlackElo "2160"]
[PlyCount "76"]
[EventDate "1998.??.??"]
[EventType "swiss"]
[EventRounds "7"]
[EventCountry "FRA"]
[SourceTitle "EXT 2005"]
[Source "ChessBase"]
[SourceDate "2004.11.15"]
[SourceVersion "1"]
[SourceVersionDate "2004.11.15"]
[SourceQuality "1"]

1. e4 c6 2. Nc3 d5 3. Nf3 Bg4 4. h3 Bxf3 5. gxf3 e6 6. d4 Nf6 7. Rg1 Qb6 8. Qd3 Na6 9. a3 0-0-0 10. e5 Nd7 11. b4 f6 12. b5 Nab8 13. bxc6 Nxc6 14. exf6 gxf6 15. Be3 Qa5 16. Bd2 Nb4 17. axb4 Qxa1+ 18. Nd1 Re8 19. Be2 a6 20. Rg4 Nb6 21. Qb3 h5 22. Rh4 Be7 23. f4 Qxd4 24. Bd3 Nd7 25. Bc3 Qb6 26. f5 Ne5 27. Be2 Rd8 28. Bd4 Qc7 29. fxe6 Qd6 30. f4 Ng6 31. Rxh5 Nxf4 32. Rxh8 Rxh8 33. Bg4 Nxe6 34. Qe3 Kd7 35. Bc5 Qc6 36. Bxe7 Kxe7 37. Nc3 d4 38. b5 Qxc3+ 0-1